Jalada kannu (Record no. 122132)
[ view plain ]
| 000 -LEADER | |
|---|---|
| fixed length control field | 01670nam a2200265Ia 4500 |
| 003 - CONTROL NUMBER IDENTIFIER | |
| control field | OSt |
| 005 - DATE AND TIME OF LATEST TRANSACTION | |
| control field | 20251113111336.0 |
| 008 - FIXED-LENGTH DATA ELEMENTS--GENERAL INFORMATION | |
| fixed length control field | 210210b2017 xxu||||| |||| 00| 0 eng d |
| 040 ## - CATALOGING SOURCE | |
| Transcribing agency | AL |
| 041 ## - LANGUAGE CODE | |
| Language code of text/sound track or separate title | Kannada |
| 082 ## - DEWEY DECIMAL CLASSIFICATION NUMBER | |
| Classification number | K894.4 KRAJ |
| 100 ## - MAIN ENTRY--PERSONAL NAME | |
| Personal name | KRASHNEGAUDA (M) |
| Dates associated with a name | ಎಂ. ಕೃಷ್ಣೇಗೌಡ |
| 9 (RLIN) | 245356 |
| 245 ## - TITLE STATEMENT | |
| Title | Jalada kannu |
| Remainder of title | ಜಲದ ಕಣ್ಣು ಸಂಪುಟ-2 |
| 260 ## - PUBLICATION, DISTRIBUTION, ETC. | |
| Place of publication, distribution, etc. | Maisuru |
| Name of publisher, distributor, etc. | - |
| Date of publication, distribution, etc. | 2017 |
| 300 ## - PHYSICAL DESCRIPTION | |
| Extent | xvi,296 |
| 440 ## - SERIES STATEMENT/ADDED ENTRY--TITLE | |
| Title | 2 |
| 9 (RLIN) | 245357 |
| 520 ## - SUMMARY, ETC. | |
| Summary, etc. | ಪ್ರೊ. ಎಂ. ಕೃಷ್ಣೇಗೌಡ ಅವರು ರಚಿಸಿದ ಕೃತಿ-ಜಲದ ಕಣ್ಣು, ಸಂಪುಟ-2. ಭೂಮಿಯೊಳಗೆ ನೀರು ಗುಪ್ತಗಾಮಿನಿಯಾಗಿ ಹರಿಯುತ್ತದೆ. ಅದರ ದಾರಿ ಯಾವುದು ಎಂಬುದನ್ನು ಕಂಡು ಹಿಡಿಯುವುದು ವೈಜ್ಞಾನಿಕ ಜಗತ್ತಿಗೆ ಒಂದು ಸವಾಲು. ಆದರೆ, ಅದನ್ನೇ ಸವಾಲು ಆಗಿ ಸ್ವೀಕರಿಸಿ, ಜಲದ ಮೂಲವನ್ನು ಪತ್ತೆ ಹಚ್ಚುವಲ್ಲಿ ಕೆಲವರು ತಮ್ಮದೇ ಆದ ವಿಧಾನಗಳಿಂದ ಯಶಸ್ವಿಯಾಗಿದ್ದು, ವಿಜ್ಞಾನಕ್ಕೆ ಸವಾಲಾಗೇ ಉಳಿದಿದೆ. ಇಂತಹ ವಿಸ್ಮಯಕಾರಿ ಸಂಗತಿಗಳಿಂದ ಕೂಡಿದ ಅಂಕಣ ಬರಹಗಳು ಈ ಕೃತಿಯಲ್ಲಿವೆ. |
| 650 ## - SUBJECT ADDED ENTRY--TOPICAL TERM | |
| Topical term or geographic name entry element | samputa |
| 9 (RLIN) | 245358 |
| 650 ## - SUBJECT ADDED ENTRY--TOPICAL TERM | |
| Topical term or geographic name entry element | kannu |
| 9 (RLIN) | 245359 |
| 650 ## - SUBJECT ADDED ENTRY--TOPICAL TERM | |
| Topical term or geographic name entry element | Jalada |
| 9 (RLIN) | 245360 |
| 650 ## - SUBJECT ADDED ENTRY--TOPICAL TERM | |
| Topical term or geographic name entry element | 2 |
| 9 (RLIN) | 245361 |
| 690 ## - LOCAL SUBJECT ADDED ENTRY--TOPICAL TERM (OCLC, RLIN) | |
| Topical term or geographic name as entry element | Kannada Prose |
| 9 (RLIN) | 245362 |
| 906 ## - LOCAL DATA ELEMENT F, LDF (RLIN) | |
| a | 072229 |
| 942 ## - ADDED ENTRY ELEMENTS (KOHA) | |
| Source of classification or shelving scheme | Dewey Decimal Classification |
| Koha item type | Book |
| Withdrawn status | Lost status | Damaged status | Not for loan | Collection code | Home library | Current library | Shelving location | Date acquired | Source of acquisition | Cost, normal purchase price | Total Checkouts | Full call number | Barcode | Date last seen | Price effective from | Koha item type |
|---|---|---|---|---|---|---|---|---|---|---|---|---|---|---|---|---|
| St Aloysius Library | St Aloysius Library | 02/17/2021 | Navakarnataka Publication Pvt Ltd Mangalore | 250.00 | K894.4 KRAJ | 072229 | 02/17/2021 | 02/17/2021 | Book |